Salario

Sábháilte in:
Sonraí bibleagrafaíochta
Príomhchruthaitheoir: Grigoriú S., Raimundo (Údar)
Formáid: LEABHAR
Teanga:Spáinnis
Foilsithe / Cruthaithe: Cochabamba Universitaria 1947
Sraith:Cuadernos Sobre Derecho y Ciencias Sociales, 36
Ábhair:
Clibeanna: Cuir clib leis
Níl clibeanna ann, Bí ar an gcéad duine le clib a chur leis an taifead seo!

MARC

LEADER 00000nam a2200000 a 4500
001 UCS2557
003 CL-VaPUC
008 970604e19470000BO |||||||||||||||||spa|d
082 0 4 |a 344.012  |b GRI  |2 21 
100 0 |a Grigoriú S., Raimundo  |e author  |9 388140 
245 1 0 |a Salario 
246 1 0 |a Salario justo 
246 1 0 |a Salario familiar 
300 |a 420 p 
942 |c BK 
945 |d 19970604 00:00:00  |a paguirre 
260 |a Cochabamba  |b Universitaria  |c 1947 
650 7 |a DERECHO LABORAL  |2 CL-VaPUC  |9 15 
650 7 |a REMUNERACIONES  |2 CL-VaPUC  |9 371777 
650 0 |a Problemas sociales  |9 258537 
650 0 |a Salario mínimo  |9 365620 
650 0 |a Distribución del ingreso  |9 334288 
651 0 |a Bolivia  |9 255454 
583 |a last modification  |c 20170712 04:27:50  |k Rodrigo Vera 
490 0 |a Cuadernos Sobre Derecho y Ciencias Sociales, 36 
999 |c 260503  |d 260501 
952 |0 0  |1 0  |4 0  |6 344_012000000000000_GRI_1947  |7 0  |8 A  |9 286682  |a BIBDER  |b BIBDER  |d 2019-11-19  |i 1861182  |o 344.012 GRI 1947  |p 1861182  |r 2019-11-19  |w 2019-11-19  |y BK  |k DER